[Event "GBR-ch87"]
[Site "Millfield"]
[Date "2000.08.05"]
[Round "6.19"]
[White "Willmoth, Robert"]
[Black "Stephenson, F Norman"]
[Result "1-0"]
[WhiteElo "2211"]
[BlackElo "2241"]
[PlyCount "133"]
[EventDate "2000.07.31"]
[EventType "swiss"]
[EventRounds "11"]
[EventCountry "GBR"]
[SourceTitle "BritBase"]
[SourceDate "2008.07.14"]
[SourceVersion "1"]
[SourceVersionDate "2008.07.14"]
[SourceQuality "2"]

1. e4 e5 2. Nc3 Nf6 3. g3 d5 4. exd5 Nxd5 5. Bg2 Nxc3 6. bxc3 Bd6 7. d3 O-O 8.
Nf3 Nc6 9. O-O h6 10. Re1 Bg4 11. h3 Bd7 12. Rb1 Rb8 13. Bb2 Re8 14. Qd2 b5 15.
Qc1 Qc8 16. Kh2 Qa6 17. Ra1 Qb6 18. Re2 a5 19. Qf1 a4 20. Bc1 Qc5 21. Qe1 b4
22. cxb4 Nxb4 23. Qd2 Nc6 24. c3 a3 25. Qc2 Qa5 26. Nd2 Qa6 27. Nb3 Ne7 28. Be3
Bf5 29. Rd1 Bg6 30. Ree1 f5 31. Bc1 f4 32. Be4 fxg3+ 33. fxg3 Rf8 34. Qg2 Rf6
35. Be3 Rbf8 36. Rd2 Nf5 37. Bg1 h5 38. Bf2 h4 39. gxh4 Bh5 40. Qg5 g6 41. Rg1
Kh7 42. Be3 Qc8 43. Rdg2 R8f7 44. Bxf5 Qxf5 45. Qxf5 Rxf5 46. Bc5 Rf4 47. Bxd6
cxd6 48. Nd2 d5 49. Rb1 Bf3 50. Rf2 Be2 51. Rxf4 Rxf4 52. Kg3 Bxd3 53. Rb7+ Kh6
54. Nf3 Rxf3+ 55. Kxf3 Bc4 56. Ra7 Bxa2 57. Rxa3 Bc4 58. Ra7 g5 59. Re7 e4+ 60.
Kg3 gxh4+ 61. Kxh4 Kg6 62. Kg4 Be2+ 63. Kf4 Bc4 64. Re5 Bb3 65. h4 Bc4 66. h5+
Kh6 67. Kg4 1-0

[Event "GBR-ch87"]
[Site "Millfield"]
[Date "2000.08.05"]
[Round "6.20"]
[White "Buckley, Simon"]
[Black "Broomfield, Matthew"]
[Result "1-0"]
[WhiteElo "2237"]
[BlackElo "2192"]
[PlyCount "61"]
[EventDate "2000.07.31"]
[EventType "swiss"]
[EventRounds "11"]
[EventCountry "GBR"]
[SourceTitle "BritBase"]
[SourceDate "2008.07.14"]
[SourceVersion "1"]
[SourceVersionDate "2008.07.14"]
[SourceQuality "2"]

1. e4 Nf6 2. e5 Nd5 3. d4 d6 4. c4 Nb6 5. exd6 cxd6 6. Nc3 g6 7. Be3 Bg7 8. Rc1
O-O 9. b3 Nc6 10. d5 Ne5 11. Be2 Re8 12. f4 Ned7 13. Bd4 Nf6 14. Nf3 Nbd7 15.
O-O Nc5 16. b4 Nce4 17. Nxe4 Nxe4 18. Bxg7 Kxg7 19. Qd4+ Nf6 20. Ng5 Kg8 21. f5
h6 22. fxg6 hxg5 23. gxf7+ Kxf7 24. Bh5+ Kg8 25. Bxe8 Nxe8 26. Qe4 Kg7 27. Qe3
Kg6 28. Rf8 Qd7 29. Rg8+ Ng7 30. Qd4 e5 31. dxe6 1-0

[Event "GBR-ch87"]
[Site "Millfield"]
[Date "2000.08.05"]
[Round "6.21"]
[White "Briggs, Philip"]
[Black "Kemp, Peter D"]
[Result "1-0"]
[WhiteElo "2200"]
[BlackElo "2214"]
[PlyCount "43"]
[EventDate "2000.07.31"]
[EventType "swiss"]
[EventRounds "11"]
[EventCountry "GBR"]
[SourceTitle "BritBase"]
[SourceDate "2008.07.14"]
[SourceVersion "1"]
[SourceVersionDate "2008.07.14"]
[SourceQuality "2"]

1. e4 Nc6 2. Nf3 e6 3. d4 d5 4. Nc3 Bb4 5. e5 f6 6. Bd3 f5 7. O-O b6 8. Ne2 Nh6
9. Bb5 Qd7 10. Nf4 a6 11. Bxc6 Qxc6 12. Nh5 Bf8 13. Bxh6 gxh6 14. Nf6+ Kd8 15.
Re1 Bd7 16. Re3 Be8 17. c4 Bf7 18. cxd5 exd5 19. Rc1 Qe6 20. Rec3 c5 21. dxc5
bxc5 22. Nxd5 1-0

[Event "GBR-ch87"]
[Site "Millfield"]
[Date "2000.08.05"]
[Round "6.23"]
[White "Greet, Andrew"]
[Black "Buckley, Melanie"]
[Result "1-0"]
[WhiteElo "2266"]
[BlackElo "2124"]
[PlyCount "107"]
[EventDate "2000.07.31"]
[EventType "swiss"]
[EventRounds "11"]
[EventCountry "GBR"]
[SourceTitle "BritBase"]
[SourceDate "2008.07.14"]
[SourceVersion "1"]
[SourceVersionDate "2008.07.14"]
[SourceQuality "2"]

1. e4 e6 2. d3 d5 3. Nd2 Nf6 4. Ngf3 Nc6 5. c3 Be7 6. b4 d4 7. b5 dxc3 8. bxc6
cxd2+ 9. Bxd2 bxc6 10. Be2 O-O 11. O-O Nd7 12. Nd4 Nb8 13. Nb3 c5 14. Rc1 Nc6
15. Nxc5 Nd4 16. Be3 e5 17. Rc4 Ne6 18. Nb3 Ba6 19. Rc2 Qd7 20. Qc1 Qa4 21. Qb2
Rfd8 22. Rd1 Nd4 23. Bxd4 exd4 24. Rxc7 Ba3 25. Qd2 Bd6 26. Rc2 Rac8 27. Bg4
Rxc2 28. Qxc2 Bf8 29. Qc7 Qxa2 30. Qxd8 Qxb3 31. Qxd4 g6 32. g3 Bb5 33. Qxa7
Bxd3 34. Qe3 Bc2 35. Qxb3 Bxb3 36. Re1 Kg7 37. Kg2 Be7 38. Be2 Bc2 39. Bc4 Bb4
40. Re2 Ba4 41. Rb2 Bc5 42. Rb7 Be8 43. Bd5 h6 44. f4 Kf8 45. Kf3 Be7 46. e5
Ba4 47. g4 Bd1+ 48. Kg3 Bc2 49. Rc7 Bb1 50. Kf3 Bd3 51. Be4 Bb5 52. f5 gxf5 53.
gxf5 f6 54. Bd5 1-0

[Event "GBR-ch87"]
[Site "Millfield"]
[Date "2000.08.05"]
[Round "6.24"]
[White "Collins, Sam IRL"]
[Black "Rayner, Francis"]
[Result "1/2-1/2"]
[WhiteElo "2172"]
[BlackElo "2256"]
[PlyCount "54"]
[EventDate "2000.07.31"]
[EventType "swiss"]
[EventRounds "11"]
[EventCountry "GBR"]
[SourceTitle "BritBase"]
[SourceDate "2008.07.14"]
[SourceVersion "1"]
[SourceVersionDate "2008.07.14"]
[SourceQuality "2"]

1. e4 c5 2. Nf3 Nc6 3. d4 cxd4 4. Nxd4 e6 5. Nb5 d6 6. c4 Nf6 7. N1c3 a6 8. Na3
Be7 9. Be2 O-O 10. O-O b6 11. Be3 Bb7 12. Qb3 Nd7 13. Rfd1 Nc5 14. Qc2 Bf6 15.
f3 Be5 16. Bf1 f5 17. exf5 Rxf5 18. Ne2 Qf6 19. Rab1 Nb4 20. Qd2 Rxf3 21. gxf3
Qxf3 22. Ng3 Bxg3 23. Bg2 Qxg2+ 24. Qxg2 Bxg2 25. Kxg2 Be5 26. Bd4 Bf4 27. b3
Rf8 1/2-1/2

[Event "GBR-ch87"]
[Site "Millfield"]
[Date "2000.08.05"]
[Round "6.25"]
[White "Morgan, Ben"]
[Black "Mahesh Chandran, Panjanathan"]
[Result "0-1"]
[WhiteElo "2035"]
[BlackElo "2238"]
[PlyCount "98"]
[EventDate "2000.07.31"]
[EventType "swiss"]
[EventRounds "11"]
[EventCountry "GBR"]
[SourceTitle "BritBase"]
[SourceDate "2008.07.14"]
[SourceVersion "1"]
[SourceVersionDate "2008.07.14"]
[SourceQuality "2"]

1. e4 e5 2. Nf3 Nc6 3. Bc4 Bc5 4. c3 Nf6 5. d3 O-O 6. O-O d6 7. b4 Bb6 8. a4 a5
9. b5 Nb8 10. Re1 Bg4 11. Bg5 Nbd7 12. Na3 h6 13. Bh4 g5 14. Bg3 Nh5 15. h3
Bxh3 16. Nxe5 Nxg3 17. Nxf7 Qf6 18. d4 Be6 19. Bxe6 Qxe6 20. Nxh6+ Qxh6 21.
fxg3 Kg7 22. Nc4 Rh8 23. Ne3 Qh2+ 24. Kf2 Raf8+ 25. Nf5+ Kg6 26. Qb3 Nf6 27.
Qe6 Re8 28. Ne7+ Rxe7 29. Qxe7 Qh7 30. Qe6 Qd7 31. Qxd7 Nxd7 32. Ke2 Rh2 33.
Rg1 Nf6 34. Kd3 Nh5 35. Ra2 Nxg3 36. c4 Nh5 37. Rc2 Nf4+ 38. Ke3 Ne6 39. Rd1
Rh4 40. Rf2 Rg4 41. Rfd2 Rg3+ 42. Kf2 Rc3 43. c5 dxc5 44. d5 Nd4 45. e5 c4 46.
Kf1 Nf5 47. Ra1 Ng3+ 48. Ke1 Re3+ 49. Kd1 Rc3 0-1

[Event "GBR-ch87"]
[Site "Millfield"]
[Date "2000.08.05"]
[Round "6.26"]
[White "Hempson, Peter"]
[Black "Barton, R Alan"]
[Result "0-1"]
[WhiteElo "2219"]
[BlackElo "2145"]
[PlyCount "102"]
[EventDate "2000.07.31"]
[EventType "swiss"]
[EventRounds "11"]
[EventCountry "GBR"]
[SourceTitle "BritBase"]
[SourceDate "2008.07.14"]
[SourceVersion "1"]
[SourceVersionDate "2008.07.14"]
[SourceQuality "2"]

1. c4 b6 2. Nc3 e6 3. Nf3 Bb7 4. g3 f5 5. Bg2 Nf6 6. O-O Be7 7. d4 Ne4 8. Bd2
O-O 9. Qc2 Bf6 10. Rad1 Qe7 11. d5 Nxc3 12. Bxc3 Na6 13. Nd4 Nc5 14. b4 Ne4 15.
Bxe4 fxe4 16. Qxe4 Rae8 17. d6 Bxe4 18. dxe7 Rxe7 19. Nb5 Bxc3 20. Nxc3 Bc6 21.
f3 d6 22. e4 g5 23. Kf2 Be8 24. Ke3 Bh5 25. Rd2 Ref7 26. Rdf2 a6 27. f4 gxf4+
28. Rxf4 Rxf4 29. Rxf4 Rd8 30. a3 Bf7 31. Rf2 Kf8 32. Rd2 Ke7 33. e5 d5 34. c5
bxc5 35. bxc5 Rb8 36. Ne2 Rb1 37. Nd4 Re1+ 38. Re2 Ra1 39. Rb2 Rxa3+ 40. Kf2
Rc3 41. Nc6+ Kf8 42. Nb8 a5 43. Ra2 d4 44. Rxa5 Rc2+ 45. Kf3 d3 46. Ra4 Be8 47.
Rd4 Bb5 48. Nd7+ Ke7 49. Nf6 Rxh2 50. Ne4 Rc2 51. Nf2 Bc6+ 0-1

[Event "GBR-ch87"]
[Site "Millfield"]
[Date "2000.08.05"]
[Round "6.27"]
[White "Obiamiwe, Paul"]
[Black "Wise, David"]
[Result "0-1"]
[WhiteElo "2065"]
[BlackElo "2173"]
[PlyCount "62"]
[EventDate "2000.07.31"]
[EventType "swiss"]
[EventRounds "11"]
[EventCountry "GBR"]
[SourceTitle "BritBase"]
[SourceDate "2008.07.14"]
[SourceVersion "1"]
[SourceVersionDate "2008.07.14"]
[SourceQuality "2"]

1. Nc3 c5 2. Nf3 Nc6 3. d4 cxd4 4. Nxd4 Nf6 5. e4 e5 6. Ndb5 d6 7. Bg5 a6 8.
Na3 b5 9. Nd5 Be7 10. Bxf6 Bxf6 11. c3 O-O 12. Nc2 Rb8 13. Bd3 Bg5 14. O-O Be6
15. Nce3 Bxe3 16. Nxe3 a5 17. Qd2 Qb6 18. Rfd1 Rfd8 19. Qe2 b4 20. Qh5 bxc3 21.
bxc3 Qc5 22. a4 Ne7 23. Rac1 Rb3 24. Qh4 f6 25. Nd5 Ng6 26. Qg3 Bxd5 27. exd5
Nf4 28. Bb5 Rxb5 29. Qxf4 exf4 30. axb5 Qxb5 31. c4 Qc5 0-1

[Event "GBR-ch87"]
[Site "Millfield"]
[Date "2000.08.05"]
[Round "6.28"]
[White "Pleasants, Allan"]
[Black "Lilley, Graham"]
[Result "0-1"]
[WhiteElo "2040"]
[BlackElo "2224"]
[PlyCount "40"]
[EventDate "2000.07.31"]
[EventType "swiss"]
[EventRounds "11"]
[EventCountry "GBR"]
[SourceTitle "BritBase"]
[SourceDate "2008.07.14"]
[SourceVersion "1"]
[SourceVersionDate "2008.07.14"]
[SourceQuality "2"]

1. e4 c5 2. c3 d5 3. exd5 Qxd5 4. d4 Nc6 5. Nf3 Bg4 6. Be2 cxd4 7. cxd4 e6 8.
Nc3 Qd6 9. Qa4 Nf6 10. Bg5 Be7 11. h3 Bh5 12. Qb5 Bxf3 13. Bxf3 O-O 14. Bxf6
Bxf6 15. Qxb7 Nxd4 16. O-O Rab8 17. Qe4 Rxb2 18. Rab1 Qa3 19. Rxb2 Qxb2 20. Na4
Nxf3+ 0-1

[Event "GBR-ch87"]
[Site "Millfield"]
[Date "2000.08.05"]
[Round "6.29"]
[White "Waters, Clive"]
[Black "Homer, Stephen"]
[Result "1-0"]
[WhiteElo "2170"]
[BlackElo "2030"]
[PlyCount "63"]
[EventDate "2000.07.31"]
[EventType "swiss"]
[EventRounds "11"]
[EventCountry "GBR"]
[SourceTitle "BritBase"]
[SourceDate "2008.07.14"]
[SourceVersion "1"]
[SourceVersionDate "2008.07.14"]
[SourceQuality "2"]

1. Nf3 c5 2. c4 g6 3. Nc3 Bg7 4. e3 b6 5. Be2 Bb7 6. O-O Nf6 7. b3 Ne4 8. Qc2
Nxc3 9. dxc3 f5 10. Nd2 Nc6 11. e4 f4 12. Rb1 O-O 13. Nf3 Qc7 14. Bb2 Ne5 15.
Rbd1 Rad8 16. Rd2 Nxf3+ 17. Bxf3 Qe5 18. Rfd1 d6 19. Re1 g5 20. Qd1 Bh6 21. Bg4
f3 22. Bxf3 g4 23. Bxg4 Bxd2 24. Qxd2 Rf6 25. Bf5 Kh8 26. f4 Rxf5 27. fxe5 Rxe5
28. Qf4 Rg8 29. Bc1 Re6 30. Qh4 Reg6 31. g3 e5 32. Rf1 1-0

[Event "GBR-ch87"]
[Site "Millfield"]
[Date "2000.08.05"]
[Round "6.30"]
[White "Freeman, Richard CP"]
[Black "Frost, Nicholas"]
[Result "1/2-1/2"]
[WhiteElo "2025"]
[BlackElo "2164"]
[PlyCount "48"]
[EventDate "2000.07.31"]
[EventType "swiss"]
[EventRounds "11"]
[EventCountry "GBR"]
[SourceTitle "BritBase"]
[SourceDate "2008.07.14"]
[SourceVersion "1"]
[SourceVersionDate "2008.07.14"]
[SourceQuality "2"]

1. d4 e6 2. Nf3 f5 3. d5 Bd6 4. dxe6 dxe6 5. e4 fxe4 6. Ng5 Nf6 7. Nc3 O-O 8.
Bc4 Qe7 9. O-O Nc6 10. Be3 Be5 11. Ngxe4 Nxe4 12. Nxe4 Bxh2+ 13. Kxh2 Qh4+ 14.
Kg1 Qxe4 15. Bd3 Qh4 16. g3 Qh3 17. Be4 Ne5 18. Bg2 Qf5 19. Bf4 Ng4 20. Bh3 e5
21. Bxg4 Qxg4 22. Bxe5 Qxd1 23. Rfxd1 Bg4 24. Rd3 c6 1/2-1/2

[Event "GBR-ch87"]
[Site "Millfield"]
[Date "2000.08.05"]
[Round "6.31"]
[White "Howell, David W"]
[Black "Binks, Michael E"]
[Result "0-1"]
[WhiteElo "2020"]
[BlackElo "2155"]
[PlyCount "60"]
[EventDate "2000.07.31"]
[EventType "swiss"]
[EventRounds "11"]
[EventCountry "GBR"]
[SourceTitle "BritBase"]
[SourceDate "2008.07.14"]
[SourceVersion "1"]
[SourceVersionDate "2008.07.14"]
[SourceQuality "2"]

1. e4 e5 2. Nf3 d6 3. d4 Nd7 4. Nc3 c6 5. Be3 Be7 6. Qd2 Ngf6 7. h3 O-O 8. Be2
b5 9. a3 Bb7 10. g4 a5 11. g5 Ne8 12. h4 b4 13. Na4 exd4 14. Qxd4 c5 15. Qd3
Qc7 16. Nd2 Bc6 17. Qb3 Rb8 18. Bd3 Ne5 19. Bf4 c4 20. Nxc4 Bxa4 21. Qa2 b3 22.
cxb3 Nxd3+ 23. Kd2 Bxb3 24. Qb1 Nxf4 25. Ne3 Qc5 26. Ke1 d5 27. exd5 Nd6 28.
Rg1 Rfe8 29. h5 Bd8 30. g6 Rxe3+ 0-1

[Event "GBR-ch87"]
[Site "Millfield"]
[Date "2000.08.05"]
[Round "6.32"]
[White "Snape, Ian"]
[Black "Orton, Stephen"]
[Result "1-0"]
[WhiteElo "2170"]
[BlackElo "2045"]
[PlyCount "149"]
[EventDate "2000.07.31"]
[EventType "swiss"]
[EventRounds "11"]
[EventCountry "GBR"]
[SourceTitle "BritBase"]
[SourceDate "2008.07.14"]
[SourceVersion "1"]
[SourceVersionDate "2008.07.14"]
[SourceQuality "2"]

1. c4 Nf6 2. Nc3 g6 3. g3 Bg7 4. Bg2 O-O 5. Nf3 d6 6. O-O Nc6 7. d3 e5 8. Rb1
h6 9. b4 Be6 10. b5 Ne7 11. Qc2 Qd7 12. Rd1 Bh3 13. Bh1 c6 14. Ba3 Rad8 15.
bxc6 Nxc6 16. Nb5 Ne8 17. Qb3 Kh7 18. Nc3 f5 19. Bb2 Nf6 20. Nd5 Nh5 21. Bc3
Rf7 22. Bg2 f4 23. Nd2 fxg3 24. fxg3 Bxg2 25. Kxg2 Qg4 26. Nf3 Nd4 27. Bxd4
exd4 28. Rf1 Rdf8 29. Qc2 b6 30. a3 Rf5 31. a4 Rxd5 32. cxd5 Nf4+ 33. Kh1 Nxd5
34. Rf2 Rc8 35. Qb3 Qh5 36. Rg1 Ne3 37. Qe6 Rc2 38. g4 Qc5 39. g5 h5 40. Nh4
Qd5+ 41. Qxd5 Nxd5 42. Rf7 a5 43. Rd7 Rxe2 44. Rxd6 Rxh2+ 45. Kxh2 Be5+ 46. Kh1
Bxd6 47. Rb1 Bf4 48. Nf3 Be3 49. Rb5 Nc3 50. Rxb6 Nxa4 51. Rb5 Nc3 52. Rxa5 Ne2
53. Ra7+ Kg8 54. Ra6 Kh7 55. Kh2 Kg7 56. Ra3 Nf4 57. Kg3 Ne2+ 58. Kg2 Nf4+ 59.
Kh2 Kh7 60. Ne5 Ne6 61. Ra7+ Kg8 62. Nxg6 Bxg5 63. Kg3 Be3 64. Kh4 Ng7 65. Ne7+
Kf8 66. Nd5 Bd2 67. Nf6 Be3 68. Nxh5 Nxh5 69. Kxh5 Ke8 70. Kg6 Kf8 71. Kf6 Ke8
72. Ke5 Kd8 73. Ra4 Kd7 74. Kd5 Kd8 75. Rxd4 1-0

[Event "GBR-ch87"]
[Site "Millfield"]
[Date "2000.08.05"]
[Round "6.33"]
[White "Evans-Quek, Debbie"]
[Black "McDonnell, James"]
[Result "1/2-1/2"]
[WhiteElo "2046"]
[BlackElo "2050"]
[PlyCount "102"]
[EventDate "2000.07.31"]
[EventType "swiss"]
[EventRounds "11"]
[EventCountry "GBR"]
[SourceTitle "BritBase"]
[SourceDate "2008.07.14"]
[SourceVersion "1"]
[SourceVersionDate "2008.07.14"]
[SourceQuality "2"]

1. e4 c5 2. Nf3 Nc6 3. d3 d6 4. g3 g6 5. Bg2 Bg7 6. c3 e5 7. O-O Nge7 8. a4 O-O
9. Nbd2 b6 10. Re1 Ba6 11. Qc2 Rb8 12. h4 Bb7 13. Nc4 a6 14. a5 b5 15. Ne3 Nxa5
16. Ng4 Kh8 17. Bg5 f6 18. Be3 Bc8 19. Ngh2 Nac6 20. g4 Ra8 21. h5 g5 22. Nd2
h6 23. Ndf1 Be6 24. Ng3 Qc8 25. Bf3 Rd8 26. Re2 a5 27. Kg2 Bf8 28. Rd2 Qc7 29.
Nhf1 Bf7 30. Rdd1 a4 31. Nd2 Qd7 32. Kh3 Ra6 33. Be2 Rb8 34. Rdc1 Ra7 35. Qd1
Raa8 36. Rcb1 Kg7 37. Ra3 Ra5 38. Rba1 Rba8 39. c4 Nd4 40. Bxd4 cxd4 41. cxb5
Qxb5 42. Nc4 R5a6 43. b3 d5 44. bxa4 Qc6 45. Nd2 dxe4 46. dxe4 R6a7 47. Bb5 Qb7
48. Rb1 Qc7 49. Rc1 Qd6 50. Raa1 Rc7 51. Rxc7 Qxc7 1/2-1/2

[Event "GBR-ch87"]
[Site "Millfield"]
[Date "2000.08.05"]
[Round "6.34"]
[White "Freeman, Gordon"]
[Black "Hebbes, Tim"]
[Result "1-0"]
[WhiteElo "2047"]
[BlackElo "2121"]
[PlyCount "60"]
[EventDate "2000.07.31"]
[EventType "swiss"]
[EventRounds "11"]
[EventCountry "GBR"]
[SourceTitle "BritBase"]
[SourceDate "2008.07.14"]
[SourceVersion "1"]
[SourceVersionDate "2008.07.14"]
[SourceQuality "2"]

1. e4 e6 2. d4 d5 3. Nd2 Nf6 4. e5 Nfd7 5. Bd3 c5 6. c3 Nc6 7. Ne2 Qb6 8. Nf3
cxd4 9. cxd4 f6 10. exf6 Nxf6 11. O-O Bd6 12. Nc3 O-O 13. Be3 Bd7 14. Rc1 Kh8
15. Na4 Qd8 16. Nc5 Bc8 17. a3 e5 18. dxe5 Nxe5 19. Be2 b6 20. Nb3 Neg4 21. Bg5
Qe8 22. h3 Qh5 23. Nbd4 Ne4 24. hxg4 Bxg4 25. Bh4 g5 26. Nb5 Bf4 27. Qd4+ Nf6
28. Rc6 Bxf3 29. Rxf6 Kg8 30. Bxf3 g4 1-0

[Event "GBR-ch87"]
[Site "Millfield"]
[Date "2000.08.07"]
[Round "7.1"]
[White "Hebden, Mark"]
[Black "Ward, Chris"]
[Result "1/2-1/2"]
[WhiteElo "2505"]
[BlackElo "2508"]
[PlyCount "115"]
[EventDate "2000.07.31"]
[EventType "swiss"]
[EventRounds "11"]
[EventCountry "GBR"]
[SourceTitle "BritBase"]
[SourceDate "2008.07.14"]
[SourceVersion "1"]
[SourceVersionDate "2008.07.14"]
[SourceQuality "2"]

1. d4 Nf6 2. Nf3 e6 3. c3 b6 4. Bg5 Bb7 5. Nbd2 Be7 6. h4 c5 7. h5 cxd4 8. cxd4
Ne4 9. Bxe7 Qxe7 10. Rc1 O-O 11. e3 Nxd2 12. Qxd2 Na6 13. Be2 Rac8 14. O-O Nb4
15. a3 Nd5 16. Rxc8 Rxc8 17. Rc1 Qd8 18. h6 Rxc1+ 19. Qxc1 gxh6 20. Ne5 Nf6 21.
f3 d6 22. Nc4 Ba6 23. Qe1 Bxc4 24. Bxc4 Qc7 25. Bd3 d5 26. Bf1 Qc2 27. Qg3+ Kf8
28. Qd6+ Kg7 29. Qe5 h5 30. e4 Qd2 31. exd5 exd5 32. b4 h6 33. g3 Qg5 34. Kh2
Qc1 35. Be2 Qxa3 36. b5 Qb2 37. Kg2 Qc2 38. Kf2 Qd2 39. Kg2 Qe1 40. Bf1 Qd2+
41. Be2 Qe1 42. Bf1 Qb1 43. Be2 Qg6 44. Kh2 Qg5 45. Kh3 Qxe5 46. dxe5 Nd7 47.
f4 d4 48. Bxh5 Nc5 49. Kg2 a5 50. bxa6 Nxa6 51. Be2 Nc5 52. Kf3 h5 53. Bb5 Kg6
54. Be8 Kg7 55. Bb5 f6 56. exf6+ Kxf6 57. Be8 h4 58. gxh4 1/2-1/2

[Event "GBR-ch87"]
[Site "Millfield"]
[Date "2000.08.07"]
[Round "7.5"]
[White "Knott, Simon"]
[Black "Hodgson, Julian"]
[Result "0-1"]
[WhiteElo "2381"]
[BlackElo "2640"]
[PlyCount "56"]
[EventDate "2000.07.31"]
[EventType "swiss"]
[EventRounds "11"]
[EventCountry "GBR"]
[SourceTitle "BritBase"]
[SourceDate "2008.07.14"]
[SourceVersion "1"]
[SourceVersionDate "2008.07.14"]
[SourceQuality "2"]

1. c4 b6 2. Nc3 Bb7 3. e4 e6 4. Nf3 Bb4 5. Qb3 Na6 6. Be2 Ne7 7. O-O O-O 8. d3
Ng6 9. a3 Nc5 10. Qc2 Bxc3 11. Qxc3 a5 12. Be3 a4 13. Nd2 f5 14. exf5 Nh4 15.
f3 Nxf5 16. d4 Qf6 17. Bf2 Na6 18. Ne4 Qh6 19. d5 d6 20. dxe6 Rae8 21. Bd3 Rxe6
22. Qc1 Qh5 23. g4 Rg6 24. Bg3 Nxg3 25. hxg3 Qh3 26. Qc2 Nc5 27. Nxc5 Rxg4 28.
Bxh7+ Kh8 0-1

[Event "GBR-ch87"]
[Site "Millfield"]
[Date "2000.08.07"]
[Round "7.8"]
[White "Wells, Peter"]
[Black "Kelly, Brian"]
[Result "1/2-1/2"]
[WhiteElo "2506"]
[BlackElo "2426"]
[PlyCount "91"]
[EventDate "2000.07.31"]
[EventType "swiss"]
[EventRounds "11"]
[EventCountry "GBR"]
[SourceTitle "BritBase"]
[SourceDate "2008.07.14"]
[SourceVersion "1"]
[SourceVersionDate "2008.07.14"]
[SourceQuality "2"]

1. d4 d5 2. c4 c6 3. Nc3 Nf6 4. e3 a6 5. Qc2 Bg4 6. Qb3 Ra7 7. h3 Bf5 8. cxd5
cxd5 9. g4 Bg6 10. g5 Ne4 11. Qxd5 Qxd5 12. Nxd5 Nxg5 13. Nc3 Ne4 14. Nge2 Nc6
15. Bg2 Nd6 16. O-O e6 17. b3 Nf5 18. Nf4 Nh4 19. Bh1 Ra8 20. Bb2 Rd8 21. Rac1
Bf5 22. Nce2 Bd6 23. e4 Bxf4 24. Nxf4 Ng6 25. Nxg6 Bxg6 26. d5 Nb4 27. Rfd1
Nxa2 28. Rc7 exd5 29. Ba3 b5 30. exd5 b4 31. Re1+ Kf8 32. Bb2 Nc3 33. Bxc3 bxc3
34. Rxc3 h5 35. Rc6 a5 36. Ra1 Kg8 37. Rxa5 Kh7 38. f4 Rhe8 39. Kf2 Bd3 40. Bf3
Be4 41. Rc3 Bxf3 42. Kxf3 Re1 43. Rd3 Rf1+ 44. Ke2 Rxf4 45. d6 Kg6 46. d7
1/2-1/2

[Event "GBR-ch87"]
[Site "Millfield"]
[Date "2000.08.07"]
[Round "7.9"]
[White "Webster, Andrew"]
[Black "Turner, Matthew"]
[Result "1/2-1/2"]
[WhiteElo "2417"]
[BlackElo "2491"]
[PlyCount "34"]
[EventDate "2000.07.31"]
[EventType "swiss"]
[EventRounds "11"]
[EventCountry "GBR"]
[SourceTitle "BritBase"]
[SourceDate "2008.07.14"]
[SourceVersion "1"]
[SourceVersionDate "2008.07.14"]
[SourceQuality "2"]

1. c4 Nf6 2. g3 e6 3. Nf3 d5 4. b3 c5 5. Bg2 Nc6 6. O-O Be7 7. e3 O-O 8. Bb2 b6
9. Nc3 Bb7 10. cxd5 exd5 11. d4 Ne4 12. Qb1 Nxc3 13. Bxc3 Ba6 14. Rd1 Be2 15.
Rd2 Bxf3 16. Bxf3 cxd4 17. Bxd4 Nxd4 1/2-1/2

[Event "GBR-ch87"]
[Site "Millfield"]
[Date "2000.08.07"]
[Round "7.10"]
[White "Hunt, Harriet"]
[Black "Williams, Simon K"]
[Result "1-0"]
[WhiteElo "2454"]
[BlackElo "2353"]
[PlyCount "139"]
[EventDate "2000.07.31"]
[EventType "swiss"]
[EventRounds "11"]
[EventCountry "GBR"]
[SourceTitle "BritBase"]
[SourceDate "2008.07.14"]
[SourceVersion "1"]
[SourceVersionDate "2008.07.14"]
[SourceQuality "2"]

1. e4 e6 2. d3 c5 3. Nf3 Nc6 4. g3 g6 5. Bg5 f6 6. Bd2 d5 7. Bg2 Bg7 8. h4 h5
9. Nc3 d4 10. Ne2 e5 11. Nh2 Nh6 12. O-O g5 13. f4 gxf4 14. gxf4 Ng4 15. f5 Bh6
16. Nxg4 hxg4 17. Kf2 Qe7 18. Ng3 Qg7 19. Qc1 Bd7 20. Bxh6 Qxh6 21. Qxh6 Rxh6
22. a3 Ke7 23. h5 Rg8 24. Rh1 Nd8 25. Rh4 Nf7 26. Bf1 Rh7 27. Be2 Nh6 28. Rg1
Rhg7 29. c3 b5 30. Rc1 Rc8 31. Rhh1 Rgg8 32. Nf1 a5 33. Kg3 Kd6 34. Nh2 Rg5 35.
cxd4 exd4 36. Nxg4 Rcg8 37. Rh4 Be8 38. Kf4 Nxg4 39. Bxg4 R5g7 40. Bf3 Bf7 41.
Rd1 Rh8 42. Rg4 Rgh7 43. Rg6 Ke7 44. Re1 Rxh5 45. Bxh5 Rxh5 46. Rg7 Kf8 47. Rg3
Rh4+ 48. Rg4 Rh3 49. e5 Bh5 50. Rgg1 Rf3+ 51. Ke4 fxe5 52. Rg5 Rh3 53. Kxe5 Bf7
54. Rc1 c4 55. dxc4 d3 56. cxb5 Bb3 57. Kf6 Ke8 58. b6 d2 59. b7 Rh6+ 60. Rg6
Rxg6+ 61. fxg6 dxc1=Q 62. b8=Q+ Kd7 63. Qxb3 Qf4+ 64. Kg7 Qe5+ 65. Kg8 Qe8+ 66.
Kh7 Qe4 67. Qf7+ Kd6 68. Kg8 a4 69. g7 Kc6 70. Kf8 1-0

[Event "GBR-ch87"]
[Site "Millfield"]
[Date "2000.08.07"]
[Round "7.11"]
[White "Arkell, Keith"]
[Black "McMichael, Richard"]
[Result "1-0"]
[WhiteElo "2481"]
[BlackElo "2250"]
[PlyCount "149"]
[EventDate "2000.07.31"]
[EventType "swiss"]
[EventRounds "11"]
[EventCountry "GBR"]
[SourceTitle "BritBase"]
[SourceDate "2008.07.14"]
[SourceVersion "1"]
[SourceVersionDate "2008.07.14"]
[SourceQuality "2"]

1. d4 e6 2. c4 f5 3. g3 Nf6 4. Bg2 d5 5. Nd2 c6 6. Nh3 Bd6 7. O-O O-O 8. Nf3
Bd7 9. Qb3 Bc8 10. Bf4 Ne4 11. Bxd6 Qxd6 12. Rfd1 Nd7 13. e3 a5 14. Nf4 g5 15.
Nd3 Ndf6 16. Nfe5 g4 17. Nf4 Ng5 18. Rac1 Nfe4 19. Rc2 a4 20. Qa3 Qxa3 21. bxa3
Nd6 22. Rdc1 Ndf7 23. Nfd3 Nxe5 24. Nxe5 Nf7 25. Nd3 Nd6 26. Ne5 Nf7 27. Nxf7
Kxf7 28. Rb2 Ke7 29. Bf1 Ra7 30. Rcb1 Kd6 31. Be2 Kc7 32. Kg2 dxc4 33. Bxc4 b5
34. Be2 Bb7 35. Rc1 Kd6 36. Rc5 h5 37. h3 Raa8 38. Rb1 Rf7 39. hxg4 hxg4 40.
Rh1 Raf8 41. Rh5 Bc8 42. Bd3 Bd7 43. Kf1 Rf6 44. Ke1 Be8 45. Rh4 Bf7 46. Kd2
Re8 47. Re5 Rg8 48. Rh1 Bg6 49. Rc5 Rff8 50. Rh6 Rf7 51. Bf1 Rh7 52. Rxh7 Bxh7
53. Bg2 Rc8 54. Bf1 Rc7 55. Be2 Bg6 56. e4 fxe4 57. Bxg4 e3+ 58. fxe3 Bb1 59.
Bf3 Bxa2 60. e4 Bc4 61. Ke3 Rc8 62. g4 Bb3 63. g5 Ke7 64. e5 Bd5 65. Bxd5 exd5
66. g6 Kf8 67. Kf4 Kg7 68. Kg5 b4 69. axb4 Ra8 70. Rxc6 a3 71. Rc7+ Kg8 72. Rc1
a2 73. Ra1 Kg7 74. b5 Ra3 75. Kf5 1-0